00586 a2200169 4500010001400000020002300014035001400037037001800051082001300069100002700082245011000109250001100219260004200230270009300272300003200365500001900397 aENG-85383 a8175345470c750.00 aENG-68916 bD.B.Act / Pub14a347.54091 aBansal, Ashwinie Kumar1 aArbiotration greements and wardsblaw of international and domestic arbitrationcby Ashwinie Kumar Bansal a2nd ed aDelhibUniversal Law Publishingc2006 aC-FF-1A, Dikhush Industrial Estate, (Opp. Hans Cinema, Azadpur), G.T.Karnal RoadbDelhi axxxiii, 634 p.b24cm. (Hb) aIncludes index